000 00564nam a2200229 a 4500
001 nice12345678
003 IN_TiNIC
005 20260116013851.0
008 070405s1991 dela grp 000 0 eng
020 _a
_c175
082 0 0 _a312.9
_bBOS2
100 _aBose, Ashish
245 _aDemographic Diversity of India
_b 1991 Census
260 _aDelhi
_bB.R.Pub. Corpn
_c1991
300 _a454p
500 _aincludes index and biblioraphy
650 _aCensus-India-1991
700 1 _aBose, Ashish
902 _bRHR
942 _cBK
999 _c12864
_d12864